| 000 | 00519nam a2200181 a 4500 | ||
|---|---|---|---|
| 005 | 20210223123339.0 | ||
| 008 | 991125s1968 bar 000 0 spa u | ||
| 035 | _aUPN01000051939 | ||
| 049 | _aCG | ||
| 050 | 4 |
_aQ125 _bB6.78 |
|
| 100 | 1 |
_aBorn, Max, _d1882-1970 |
|
| 245 | 1 | 3 |
_aLa responsabilidad del cientÃfico / _cMax Born ; tr. Isidro Boix. |
| 260 |
_aBarcelona, Esp. : _bLabor, _c1968. |
||
| 300 | _a149 p. | ||
| 440 | 0 |
_aNueva colección Labor ; _v84 |
|
| 650 | 4 |
_aCIENCIA Y CIVILIZACION _93496 |
|
| 905 | _aLibro | ||
| 999 |
_c51939 _d51939 |
||